Library Logo

Pioneer International University Library Catalogue

Clinical processes (Record no. 1601)

MARC details
000 -LEADER
fixed length control field 00260nam a22000977a 4500
005 - DATE AND TIME OF LATEST TRANSACTION
control field 20250901165303.0
008 - FIXED-LENGTH DATA ELEMENTS--GENERAL INFORMATION
fixed length control field 210304b ||||| |||| 00| 0 eng d
050 ## - LIBRARY OF CONGRESS CALL NUMBER
Classification number R728.8
245 ## - TITLE STATEMENT
Title Clinical processes
Statement of responsibility, etc. CORMIER
942 ## - ADDED ENTRY ELEMENTS (KOHA)
Source of classification or shelving scheme Library of Congress Classification
Classification part R728.8 .C67 2008
Holdings
Withdrawn status Lost status Source of classification or shelving scheme Damaged status Not for loan Home library Current library Shelving location Date acquired Total checkouts Full call number Barcode Date last seen Price effective from Koha item type
    Library of Congress Classification     Main Library Main Library   03/04/2021   R728.8 .C67 2008 PIU0010435 03/04/2021 03/04/2021 Books